<?xml version="1.0" encoding="UTF-8"?><?xml-stylesheet type="text/xsl" href="static/style.xsl"?><OAI-PMH xmlns="http://www.openarchives.org/OAI/2.0/" xmlns:xsi="http://www.w3.org/2001/XMLSchema-instance" xsi:schemaLocation="http://www.openarchives.org/OAI/2.0/ http://www.openarchives.org/OAI/2.0/OAI-PMH.xsd"><responseDate>2026-04-26T23:39:33Z</responseDate><request verb="GetRecord" identifier="oai:uvadoc.uva.es:10324/59314" metadataPrefix="marc">https://uvadoc.uva.es/oai/request</request><GetRecord><record><header><identifier>oai:uvadoc.uva.es:10324/59314</identifier><datestamp>2024-07-12T19:00:45Z</datestamp><setSpec>com_10324_150</setSpec><setSpec>col_10324_696</setSpec></header><metadata><record xmlns="http://www.loc.gov/MARC21/slim" xmlns:doc="http://www.lyncode.com/xoai" xmlns:xsi="http://www.w3.org/2001/XMLSchema-instance" xmlns:dcterms="http://purl.org/dc/terms/" xsi:schemaLocation="http://www.loc.gov/MARC21/slim http://www.loc.gov/standards/marcxml/schema/MARC21slim.xsd">
<leader>00925njm 22002777a 4500</leader>
<datafield tag="042" ind1=" " ind2=" ">
<subfield code="a">dc</subfield>
</datafield>
<datafield tag="720" ind1=" " ind2=" ">
<subfield code="a">Gambara, Lorenzo</subfield>
<subfield code="e">author</subfield>
</datafield>
<datafield tag="260" ind1=" " ind2=" ">
<subfield code="c">1556</subfield>
</datafield>
<datafield tag="024" ind2=" " ind1="8">
<subfield code="a">ICCU, COPAC</subfield>
</datafield>
<datafield tag="024" ind2=" " ind1="8">
<subfield code="a">U/Bc BU 02185 (2)</subfield>
</datafield>
<datafield tag="024" ind2=" " ind1="8">
<subfield code="a">https://uvadoc.uva.es/handle/10324/59314</subfield>
</datafield>
<datafield ind1=" " ind2=" " tag="653">
<subfield code="a">Filología celta</subfield>
</datafield>
<datafield ind1=" " ind2=" " tag="653">
<subfield code="a">Lingüística Comparada</subfield>
</datafield>
<datafield ind1=" " ind2=" " tag="653">
<subfield code="a">Celtas - Francia</subfield>
</datafield>
<datafield tag="245" ind1="0" ind2="0">
<subfield code="a">Ioannis Picardi Toutreriani De Prisca Celtopaedia libri quinque: quibus admiranda priscorum Gallorum doctrina et eruditio ostenditur, necnon literas prius in Gallia fuisse, quàm vel in Graecia vel in Italia: simúlque Graecos nedum Latinos scientiam à priscis Gallis (quos vel ab ipso Noachi tempore Graecè philosophatos constat) habuisse ..</subfield>
</datafield>
</record></metadata></record></GetRecord></OAI-PMH>